Statystyki dla Rozpoznasz rapera po najpopulaniejszym kawałku?

Kliknij tutaj aby rozwiązać quiz!

Ogólne statystyki

  • Ten quiz został rozwiązany 914 razy
  • Średni wynik to 12 z 15

Statystyki odpowiedzi

UtwórRaper% Poprawnych
Robię YeahMalik Montana
93%
Na SzczycieGrubson
92%
UAReto
92%
SzamanPaluch
90%
Half DeadQuebonafide
90%
HinataSzpaku
87%
30 KMHKali
86%
WikingSarius
85%
MówiłaśYoung Igi
82%
NinjaGuzior
70%
WyboryJan-Rapowanie
70%
SicarioSłoń
59%
Mali Ludzie Wielkie NiebaBiałas
58%
Wyje***e (Tak Mocno)KęKę
58%
moizdrajcy.comDeys
50%

Rozkład punktacji

Percentyl według liczby udzielonych odpowiedzi

Procent ludzi z każdym wynikiem

Twoja historia wyników

Nie rozwiązałeś tego quizu